100 truyện ngắn dã sử; T4
Gardado en:
| Autor Principal: | |
|---|---|
| Formato: | Libro |
| Idioma: | Undetermined |
| Publicado: |
Hà Nội
Hội nhà văn
1999
|
| Những chủ đề: | |
| Các nhãn: |
Engadir etiqueta
Sen Etiquetas, Sexa o primeiro en etiquetar este rexistro!
|
| Thư viện lưu trữ: | Trung tâm Học liệu Trường Đại học Cần Thơ |
|---|
| LEADER | 00567nam a2200193Ia 4500 | ||
|---|---|---|---|
| 001 | CTU_37529 | ||
| 008 | 210402s9999 xx 000 0 und d | ||
| 020 | |b 25.000đ | ||
| 082 | |a 809.3081 | ||
| 082 | |b Ph500/T4 | ||
| 100 | |a Ngô Văn Phú | ||
| 245 | 0 | |a 100 truyện ngắn dã sử; T4 | |
| 245 | 0 | |c Ngô Văn Phú | |
| 260 | |a Hà Nội | ||
| 260 | |b Hội nhà văn | ||
| 260 | |c 1999 | ||
| 650 | |a historical fiction, vietnamese | ||
| 904 | |i Nguyễn Quang Điền, 000802 | ||
| 980 | |a Trung tâm Học liệu Trường Đại học Cần Thơ | ||